50 Italian Names For Cities - Statistics

General Stats
  • This quiz has been taken 205 times
  • The average score is 31 of 50
Answer Stats
English Italian % Correct
Rome Roma
99%
Catania Catania
87%
Naples Napoli
85%
Oslo Oslo
84%
Barcelona Barcellona
82%
Madrid Madrid
80%
Kiev Kiev
78%
Helsinki Helsinki
77%
Turin Torino
77%
Minsk Minsk
73%
Lyon Lyon
72%
Palermo Palermo
72%
Vienna Vienna
72%
Birmingham Birmingham
69%
Berlin Berlino
68%
London Londra
68%
Tirana Tirana
68%
Valletta Valletta
67%
Liverpool Liverpool
66%
Paris Parigi
66%
Amsterdam Amsterdam
65%
Bratislava Bratislava
65%
Lisbon Lisbona
65%
Rotterdam Rotterdam
64%
Manchester Manchester
63%
Cardiff Cardiff
62%
Glasgow Glasgow
62%
Tallinn Tallinn
61%
Andorra La Vella Andorra La Vella
60%
Belgrade Belgrado
59%
Reykjavik Reykjavik
59%
Vilnius Vilnius
59%
Chisinau Chisinau
58%
Prague Praga
58%
Copenhagen Copenhagen
57%
Volgograd Volgograd
56%
Swansea Swansea
55%
Athens Atene
54%
Munich Monaco
48%
Nizhny Novgorod Nizhny Novgorod
48%
Zurich Zurigo
45%
Frankfurt Francoforte
42%
Hamburg Amburgo
41%
Saint Petersburg San Pietroburgo
41%
Stockholm Stoccolma
41%
Brussels Bruxelles
40%
Warsaw Varsavia
39%
Geneva Ginevra
33%
Ljubljana Lubiana
29%
Zagreb Zagrabia
13%
No matching quizzes found
Score Distribution
Percent of People with Each Score
Percentile by Number Answered
Your Score History
You have not taken this quiz